El pentateuco
Zapisane w:
| 1. autor: | |
|---|---|
| Format: | Książka |
| Język: | hiszpański |
| Wydane: |
Pamplona
Verbo Divino
1981
|
| Wydanie: | 4a. ed |
| Seria: | Cuadernos Bíblicos, 13
|
| Hasła przedmiotowe: | |
| Etykiety: |
Dodaj etykietę
Nie ma etykietki, Dołącz pierwszą etykiete!
|
MARC
| LEADER | 00000nam a2200000 a 4500 | ||
|---|---|---|---|
| 001 | UCW9219 | ||
| 003 | CL-VaPUC | ||
| 008 | 881221e19810000SP |||||||||||||||||spa|d | ||
| 082 | 0 | 4 | |a 220.7 |b BRI |2 21 |
| 100 | 0 | |a Briend, Jacques |e author |9 314384 | |
| 245 | 1 | 3 | |a El pentateuco |
| 250 | |a 4a. ed | ||
| 300 | |a 62 p | ||
| 942 | |c BK | ||
| 945 | |d 19881221 00:00:00 | ||
| 260 | |a Pamplona |b Verbo Divino |c 1981 | ||
| 650 | 0 | |a Biblia |9 257603 | |
| 650 | 0 | |a Antiguo testamento |9 313678 | |
| 650 | 0 | |a Pentateuco |9 314343 | |
| 583 | |a last modification |c 20120703 09:33:07 |k Rodrigo Vera | ||
| 490 | 0 | |a Cuadernos Bíblicos, 13 | |
| 999 | |c 221242 |d 221240 | ||
| 952 | |0 0 |1 0 |4 0 |6 220_700000000000000_BRI_1981 |7 0 |8 A |9 214355 |a BIBTEO |b BIBTEO |d 2019-11-15 |i 2829819 |o 220.7 BRI 1981 |p 2829819 |r 2025-01-17 |w 2019-11-15 |y BK |k ICR | ||
| 952 | |0 0 |1 2 |4 0 |6 220_700000000000000_BRI_1981 |7 0 |8 A |9 214356 |a BIBTEO |b BIBTEO |d 2019-11-15 |i 2829827 |o 220.7 BRI 1981 |p 2829827 |r 2019-11-15 |w 2019-11-15 |x Descarte 2019 |y BK |k ICR | ||